Gli archivi storici degli enti locali : condizioni, esperienze, prospettive di valorizzazione : Bologna, 27 febbraio 1985, Sala del Consiglio provinciale.
Uloženo v:
| Médium: | Kniha |
|---|---|
| Jazyk: | italština |
| Vydáno: |
°S.l. :
s.n.,
1985!
|
| Tagy: |
Žádné tagy, Buďte první, kdo vytvoří štítek k tomuto záznamu!
|
MARC
| LEADER | 00000nam a22000007i 4500 | ||
|---|---|---|---|
| 001 | IT\ICCU\RER\0004818 | ||
| 003 | ItRI | ||
| 005 | 20260115232220.0 | ||
| 008 | 990708s1985 it |||||| ||||| |||||c | ||
| 040 | |b ita |c importazione bologna sebina | ||
| 041 | 7 | |a ita |2 ISO-639-2 | |
| 245 | 0 | 4 | |a Gli archivi storici degli enti locali : |b condizioni, esperienze, prospettive di valorizzazione : Bologna, 27 febbraio 1985, Sala del Consiglio provinciale. |
| 260 | |a °S.l. : |b s.n., |c 1985! |e (Bologna : |f Centro stampa provincia di Bologna) | ||
| 300 | |a 44 p. ; |c 24 cm | ||
| 500 | |a Atti del convegno | ||
| 500 | |a In testa al frontespizio: Provincia di Bologna, Assessorato alla cultura. | ||
| 942 | |2 ddc |c BK |n 0 | ||
| 952 | |0 0 |1 0 |4 0 |6 DOC_027_509000000000000_PRO |7 0 |9 22130 |a BO |b BO |d 2026-01-15 |i 4634 |l 0 |o DOC 027.509 PRO |p BO4634 |r 2026-01-15 23:22:20 |w 2026-01-15 |x [Sebina 7] [1 v.] |y BK |z 1 v. | ||
| 999 | |c 18916 |d 18916 | ||